Analýza súčasného stavu autovrakovísk na Slovensku

Likvidácia starých vozidiel v rámci problematiky nebezpečných odpadov. Legislatíva Slovenskej republiky. Súčasný stav likvidácie starých vozidiel v SR.

Gespeichert in:
Bibliographische Detailangaben
1. Verfasser: Pekár, Juraj, 1972-
Weitere Verfasser: Šlesariková, Veronika
Format: Buchkapitel
Sprache:Slowakisch
Schlagworte:
Tags: Tag hinzufügen
Keine Tags, Fügen Sie das erste Tag hinzu!

MARC

LEADER 00000nla a2200000 4500
001 0236069
005 20240502073822.8
041 0 |a slo 
044 |a SK 
245 1 0 |a Analýza súčasného stavu autovrakovísk na Slovensku  |c Juraj Pekár, Veronika Šlesariková 
520 |a Likvidácia starých vozidiel v rámci problematiky nebezpečných odpadov. Legislatíva Slovenskej republiky. Súčasný stav likvidácie starých vozidiel v SR. 
610 2 0 |a automobily osobné 
610 2 0 |a vozidlá motorové 
610 2 0 |a odpad 
610 2 0 |a recyklácia odpadu 
610 2 0 |a likvidácia 
610 2 0 |a ochrana prostredia životného 
610 2 0 |a legislatíva 
610 2 0 |a Slovensko 
100 1 |a Pekár, Juraj, 1972- 
700 1 |a Šlesariková, Veronika